Derecho internacional marítimo.

Na minha lista:
Detalhes bibliográficos
Autor principal: Pascal García-Huidobro, Enrique (autor)
Formato: Livro
Idioma:espanhol
Publicado em: Valparaíso, Chile: Academia de Guerra Naval; Instituto Hidrográfico de la Armada, 1983.
Assuntos:
Tags: Adicionar Tag
Sem tags, seja o primeiro a adicionar uma tag!

MARC

LEADER 00000nam a2200000 a 4500
001 UCY0765
003 CL-VaPUC
005 20230317161028.0
008 940812e19830000CL |||||||||||||||||spa|d
999 |c 229685  |d 229683 
040 |c Pontificia Universidad Católica de Valparaíso 
082 0 4 |a 341.45 PAS 1983  |2 21 
100 |a Pascal García-Huidobro, Enrique  |e autor  |9 307845 
245 1 0 |a Derecho internacional marítimo. 
260 |a Valparaíso, Chile:  |b Academia de Guerra Naval;  |b Instituto Hidrográfico de la Armada,  |c 1983. 
300 |a 2 Tomos.  
500 |a c.3 Tomo I: Donación Familia Prof. Alejandro Guzmán Brito.  
583 |a last modification  |c 19940812 00:00:00  |k Rodrigo Vera 
650 0 |a Derecho marítimo  |9 255301 
942 |c BK  |2 ddc  |n 0 
945 |d 19940812 00:00:00  |a aalvarez 
952 |0 0  |1 0  |4 0  |6 341_450000000000000_PAS_1983  |7 0  |8 A  |9 231133  |a BIBDER  |b BIBDER  |d 2019-11-15  |h v.1  |i 3006778  |o 341.45 PAS 1983  |p 3006778  |r 2023-01-25  |w 2019-11-15  |y BK  |k DER 
952 |0 0  |1 0  |4 0  |6 341_450000000000000_PAS_1983  |7 0  |8 A  |9 231134  |a BIBDER  |b BIBDER  |d 2019-11-15  |h v.2  |i 300676K  |o 341.45 PAS 1983  |p 300676K  |r 2023-01-25  |w 2019-11-15  |y BK  |k DER 
952 |0 0  |1 0  |4 0  |6 341_450000000000000_PAS_1983  |7 0  |8 A  |9 231135  |a BIBHIS  |b BIBHIS  |d 2019-11-15  |h v.1  |i 1360736  |o 341.45 PAS 1983  |p 1360736  |r 2025-01-20  |w 2019-11-15  |y BK  |k HIS 
952 |0 0  |1 0  |2 ddc  |4 0  |6 341_450000000000000_PAS_1983  |7 1  |8 C_AGB  |9 580576  |a BIBDER  |b BIBDER  |d 2022-01-17  |e Donación   |h t.I  |i 5639433  |o 341.45 PAS 1983  |p 5639433  |r 2023-01-25  |t 3  |w 2022-01-17  |y BK_US  |k AGB